000 00964cab a2200205 4500
001 ##L133293
008 060427n2006 000 0 eng u
035 _a(Sirsi) u133293
041 0 _aeng
100 1 _aMercer, Chris
245 0 0 _aBuy-to-let
_bwhat route to take?
260 _c2006
490 0 _aLetting Update Journal
_v14(1) April 2006, 18-20(3)
520 _aAnalyses the various investment options available to residential landlords when building up their buy-to-let portfolios and touches on the tax pros and cons of each. Focuses in particular on the decision whether to incorporate or not. Covers tax avoidance, personal investment, limited company investment, trusts and self-invested personal pensions. Provides case examples illustrating when to incorporate or not.
590 _aIKA090506
650 _aCORPORATION TAX
650 _aCAPITAL GAINS TAX
690 _aPROPERTY-RESIDENTIAL PROPERTY-RESIDENTIAL PROPERTY TAXATION
942 _n0
999 _c76914
_d76914